00722nam a2200205 a 450000100100000000500170001000800410002702000150006804000250008310000270010824000280013524500740016326000350023730000210027250000360029350000330032970000320036295201050039499900170049900004328720201002040806.0140304s1996 sp 001 0 spa d a8433905376 aDO-SdBNPbspacBNPHU1 aSaid, Edward W.97090810aCulture and imperialism10aCultura e imperialismo. /cEdward W. Said; traducción Nora Catelli. aBarcelona, :bAnagrama,c1996. a542 p. ;c22 cm. aIncluye notas a pie de página aIncluye índice analítico1 aCatelli, Noraetrad.970909 001050718MOaGRbGRcCTd2014-03-04iLF1l0o p43287-10r2020-06-25w2020-06-25y1ZNo se presta c42776d42776